00610nam a2200193 a 4500008004100000020001500041050002200056110004500078245004000123260004200163300002200205350000900227490003500236490004400271500001700315650004000332710002100372710002300393120416s1992 ||||||||||||||||| || u a0750615095 aTP 248.25.B55 Ope aOpen Universiteit (Heerlen, Netherlands)10aBioreactor design and product yield aOxford:bButterworth-Heinemannc1992. axi, 275 p. : ill. a0.00 aBiotechnology by Open Learning vBiotechnology by Open Learning (Series) aBibiography. aBIOREACTORS--PROGRAMMED INSTRUCTION aBIOTOL (Project) aThames Polytechnic